000 00885nam a22002417a 4500
999 _c64329
_d64329
005 20240530110726.0
008 180422s2017 ua a b 000 0dara d
017 _a2017/16772
_bمصر. دار الكتب
020 _a9789773833371
040 _aEG-CaGPL
_cEG-CaGPL
082 0 4 _221
_a158.1 \
_bأ إ
100 0 _aامل فلاح فهد الهملان
245 1 2 _aالاحتراق النفسى :
_bدراسة نفسية متعمقة /
_cتأليف امل فلاح فهد الهملان .
250 _aط.1
260 _aالقاهرة :
_bايتراك للطباعة و النشر و التوزيع ،
_c2016 .
300 _a216 ص. ؛
_c24 سم.
650 0 7 _2qrmak
_aالتقاعد المبكر
650 0 7 _2qrmak
_aالذات
650 0 7 _2qrmak
_aاحترام الذات
651 _2qrmak
942 _2ddc
_cBK